Complete Reference C++ (Record no. 4716)
[ view plain ]
| 000 -LEADER | |
|---|---|
| fixed length control field | 00361nam a2200157Ia 4500 |
| 008 - FIXED-LENGTH DATA ELEMENTS--GENERAL INFORMATION | |
| fixed length control field | 191201s2010 xx 000 0 und d |
| 020 ## - INTERNATIONAL STANDARD BOOK NUMBER | |
| International Standard Book Number | 9780070532465 |
| 082 ## - DEWEY DECIMAL CLASSIFICATION NUMBER | |
| Classification number | 005.133 |
| Item number | SCC |
| 100 ## - MAIN ENTRY--PERSONAL NAME | |
| Personal name | SCHILDT, Herbert |
| 245 #0 - TITLE STATEMENT | |
| Title | Complete Reference C++ |
| 250 ## - EDITION STATEMENT | |
| Edition statement | Rep 2nd |
| 260 ## - PUBLICATION, DISTRIBUTION, ETC. (IMPRINT) | |
| Place of publication, distribution, etc | N.Delhi |
| Name of publisher, distributor, etc | TMH |
| Date of publication, distribution, etc | 2010 |
| 300 ## - PHYSICAL DESCRIPTION | |
| Extent | 1023 |
| 650 ## - SUBJECT ADDED ENTRY--TOPICAL TERM | |
| Topical term or geographic name as entry element | MCA |
| 942 ## - ADDED ENTRY ELEMENTS (KOHA) | |
| Source of classification or shelving scheme | Dewey Decimal Classification |
| Koha item type | Text Books |
| Withdrawn status | Lost status | Source of classification or shelving scheme | Damaged status | Not for loan | Collection code | Home library | Current library | Date acquired | Source of acquisition | Cost, normal purchase price | Bill Number | Total Checkouts | Full call number | Acc. no. / Barcode | Date last seen | Bill Date | Koha item type | Date last borrowed | Currency | Actual Cost, discounted price |
|---|---|---|---|---|---|---|---|---|---|---|---|---|---|---|---|---|---|---|---|---|
| Dewey Decimal Classification | MCA | PIET C-LIBRARY | PIET C-LIBRARY | 14/12/2010 | The book company | 510.00 | IN-5482 | 005.133 SCC | 17131 | 04/12/2019 | 09/12/2010 | Text Books | ||||||||
| Dewey Decimal Classification | MCA | PIET C-LIBRARY | PIET C-LIBRARY | 14/12/2010 | The book company | 510.00 | IN-5482 | 1 | 005.133 SCC | 17132 | 06/04/2021 | 09/12/2010 | Text Books | 24/03/2021 | ||||||
| Dewey Decimal Classification | MCA | PIET C-LIBRARY | PIET C-LIBRARY | 14/12/2010 | The book company | 510.00 | IN-5482 | 005.133 SCC | 17133 | 09/01/2020 | 09/12/2010 | Text Books | ||||||||
| Dewey Decimal Classification | Computer Science & Engineering in Cyber Security | PIET C-LIBRARY | PIET C-LIBRARY | 14/12/2010 | The book company | 510.00 | IN-5482 | 1 | 005.133 SCC | 17134 | 24/02/2025 | 09/12/2010 | Text Books | 15/02/2025 | ||||||
| Dewey Decimal Classification | Computer Science and Engineering in AI & Machine Learning | PIET C-LIBRARY | PIET C-LIBRARY | 14/12/2010 | The book company | 510.00 | IN-5482 | 005.133 SCC | 17135 | 04/12/2019 | 09/12/2010 | Text Books | ||||||||
| Dewey Decimal Classification | B.Tech(CSE) | PIET C-LIBRARY | PIET C-LIBRARY | 25/05/2022 | Kirti Prakashan | 899.00 | IN312 | 1 | 005.133 SCC | 33661 | 28/01/2023 | 25/05/2022 | Text Books | 28/01/2023 | IN Rupees | 629.30 |